000 00384nam a22001577a 4500
005 20200601111756.0
008 200601b xxu||||| |||| 00| 0 eng d
041 _aeng
082 _a340
100 _aBARE ACT
_95744
245 _aTHE LEGAL METROLOGY ACT , 2009 (1 OF 2010)
260 _aDELHI
_bPROFESSIONAL BOOK PUBLISHERS
300 _a520;p
650 _aLAW
_95701
942 _cBK
999 _c6770
_d6768